Electronic healthcare : (رقم التسجيلة. 14275)

تفاصيل مارك
000 -الفاتح
حقل البيانات ثابتة الطول 01639cam a22003854a 4500
001 - رقم الضبط
رقم الضبط 15599737
003 - محدد رقم الضبط
رقم الضبط OSt
005 - وقت وتاريخ اخر تعامل مع التسجيلة
رقم الضبط 20150408113918.0
008 - عناصر البيانات ثابتة الطول - معلومات عامة
حقل البيانات ثابتة الطول 090121s2009 gw a b 101 0 eng c
010 ## - رقم ضبط مكتبة الكونجرس
رقم ضبط مكتبة الكونجرس 2009921116
016 7# - رقم ضبط الوكاله الوطنية للضبط الببليوجرافي
رقم ضبط التسجيلة 101525620
المصدر DNLM
020 ## - الرقم الدولى المعيارى للكتب
الرقم الدولى المعيارى للكتاب 9783642004124 (alk. paper)
020 ## - الرقم الدولى المعيارى للكتب
الرقم الدولى المعيارى للكتاب 3642004121 (alk. paper)
035 ## - رقم ضبط النظام
رقم ضبط النظام (OCoLC)ocn433567954
040 ## - مصدر الفهرسة
وكالة الفهرسة الأصلية NLM
وكالة النسخ NLM
وكالة التعديل NWQ
-- OHX
-- BTCTA
-- YDXCP
-- DLC
042 ## - رمز التحقق
رمز التحقق pcc
050 00 - رقم طلب مكتبة الكونجرس
رقم التصنيف R858.A2
رقم المادة E22 2008
060 00 - رقم الطلب بالمكتبة الطبية الوطنية
رقم التصنيف 2010 C-049
060 10 - رقم الطلب بالمكتبة الطبية الوطنية
رقم التصنيف W 26.5
رقم المادة E339e 2009
082 ## - رقم تصنيف ديوى العشرى
رقم الطبعة 21
رقم التصنيف 610.285
رقم المادة EHE
111 2# - المدخل الرئيسى - اسم مؤتمر
اسم المؤتمر أو اسم السلطة كمدخل eHealth 2008
تاريخ الاجتماع (2008 :
موقع المؤتمر London, England)
9 (RLIN) 4077
245 10 - بيان العنوان
العنوان Electronic healthcare :
بقية العنوان First International Conference, eHealth 2008, London, UK, September 8-9, 2008 : revised selected papers /
بيان المسئوليه,etc [edited by] Dasun Weerasinghe.
260 ## - PUBLICATION, DISTRIBUTION, ETC. (IMPRINT)
مكان الناشر او الموزع Berlin :
اسم الناشر او الموزع Springer,
تاريخ النشر أو التوزيع c2009.
300 ## - الوصف المادى
التعداد xi, 222 p. :
تفاصيل ماديه اخرى للوعاء ill. ;
أبعاد الوعاء 24 cm
490 1# - بيان السلسلة
عنوان السلسلة Lecture notes of the Institute for Computer Sciences, Social Informatics and Telecommunications Engineering,
الرقم الدولى المعيارى للدوريات 1867-8211 ;
رقم المجلد/ التعيين التسلسلي 1
504 ## - تبصرة ببليوجرافية
تبصرة ببليوجرافية,الخ Includes bibliographical references and index.
650 12 - المدخل الاضافى بالموضوع-مصطلح موضوعى
مصطلح موضوعي أو اسم جغرافي كعنصر مدخل Medical Informatics Applications
التقسيم الفرعي الشكلي Congresses.
9 (RLIN) 4078
650 22 - المدخل الاضافى بالموضوع-مصطلح موضوعى
مصطلح موضوعي أو اسم جغرافي كعنصر مدخل Telemedicine
التقسيم الفرعي الشكلي Congresses.
9 (RLIN) 4079
650 #0 - المدخل الاضافى بالموضوع-مصطلح موضوعى
مصطلح موضوعي أو اسم جغرافي كعنصر مدخل Medical informatics
التقسيم الفرعي الشكلي Congresses.
9 (RLIN) 4080
700 1# - المدخل الاضافى - اسم شخصى
الإسم الشخصى Weerasinghe, Dasun.
9 (RLIN) 4081
830 #0 - المدخل الاضافى بالسلسلة -عنوان موحد
عنوان موحد Lecture notes of the Institute for Computer Sciences, Social Informatics, and Telecommunications Engineering ;
رقم المجلد/ التعيين التسلسلي 1.
9 (RLIN) 4082
906 ## - عنصر بيانات محلى F, LDF (RLIN)
a 7
b cbc
c pccadap
d 2
e ncip
f 20
g y-gencatlg
942 ## - عناصر المدخل الإضافي( كوها)
مصدر التصنيف او مخطط الترفيف Dewey Decimal Classification
Koha [default] item type DVD
المقتنيات
حالة الفقد نموذج السعر الفعال حالة تلف ليس للاعارة رقم الطلب تاريخ الاكتساب الموقع الحالي الباركود الفرع الرئيسي Date last seen نوع المادة فى نظام كوها مصدر التصنيف او خطة الترفيف Total Checkouts
  2013-03-10     610.285 EHE 2011-09-07 قسم الاجراءات الفنية (IC) 00101846 قسم الاجراءات الفنية (IC) 2013-03-10 كتاب Dewey Decimal Classification  
  2013-03-10     610.285 EHE 2011-09-07 قسم الاجراءات الفنية (IC) 00101847 قسم الاجراءات الفنية (IC) 2013-03-10 كتاب Dewey Decimal Classification